00786pab a2200121 454500008003600000100001800036245005200054520046200106650001600568650001300584650001600597773005100613180718b xxu||||| |||| 00| 0 eng d aBerkman, Omit aBureaucracy and bribery: a conceptual framework aPublic bureaucracies carry a potential for bribery. This paper tries to identify and examine the factors affecting the potential or the probability of bribery. It is argued that the specific nature and the probability of bribery depend on the persons involved, the corrupt act in question, the organization in which the event takes place and finally the socio-cultural, economic and political environment within which the organization operates. - Reproduced a Corruption a Bribery aBureaucracy aInternational Journal of Public Administration